ALL GIRLGROUP LIST (1997-2025)(still update) - Statistics

General Stats
  • This quiz has been taken 140 times
  • The average score is 74 of 177
Answer Stats
Year Group % Correct
2015 TWICE
98%
2014 Red Velvet
96%
2016 BLACKPINK
93%
2021 IVE
93%
2022 LE SSERAFIM
93%
2018 i-dle
91%
2020 aespa
89%
2007 Girls' Generation
89%
2019 ITZY
89%
2018 IZ*ONE
87%
2022 NewJeans
87%
2021 PURPLE KISS
87%
2022 NMIXX
84%
2009 2NE1
82%
2003 Big mama
82%
2025 KiiiKiii
82%
2024 BABYMONSTER
80%
2009 f(x)
80%
2024 ILLIT
80%
2018 LOOΠΔ
80%
2014 MAMAMOO
80%
2015 GFRIEND
78%
2009 T-ARA
78%
2013 T-ARA N4
78%
2012 AOA
76%
2017 Dreamcatcher
76%
2019 EVERGLOW
76%
2007 KARA
76%
2016 I.O.I
73%
2022 Kep1er
73%
2007 Wonder Girls
73%
2025 Hearts2Hearts
71%
2023 KISS OF LIFE
71%
2010 SISTAR
71%
2011 Sistar19
71%
2023 tripleS
71%
2023 Loossemble
69%
2020 STAYC
69%
2011 Apink
67%
2024 KATSEYE
67%
1997 S.E.S.
67%
2016 WJSN
67%
2024 ARTMS
64%
2019 Cherry Bullet
64%
2022 VIVIZ
64%
2009 4minute
62%
2006 BROWN EYED GIRLS
62%
2018 fromis_9
62%
2015 OH MY GIRL
62%
2021 Billlie
60%
2024 RESCENE
58%
2009 After School
56%
2024 MEOVV
56%
2019 Rocket Punch
56%
2016 gugudan
53%
2010 miss A
53%
2017 PRISTIN
53%
2017 Weki Meki
53%
2022 FIFTY FIFTY
51%
2010 GIRL'S DAY
51%
2021 LIGHTSUM
51%
2014 LOVELYZ
51%
2016 MOMOLAND
51%
2010 ORANGE CARAMEL
51%
2023 TWICE MISAMO
51%
2020 BLACKSWAN
49%
2015 CLC
49%
2024 izna
49%
2011 BraveGirls
47%
2012 EXID
47%
2009 Secret
47%
2024 UNIS
47%
2022 GOT the beat
44%
2014 LABOUM
44%
2017 LOOΠΔ 1/3
44%
2020 Weeekly
44%
2015 DIA
42%
2022 Lapillus
42%
2024 VCHA
42%
2020 WOOAH
42%
2015 APRIL
40%
2022 CLASS:y
40%
2018 GWSN
40%
2022 H1-KEY
40%
2013 LADIES' CODE
40%
2010 Nine Muses
40%
2017 ODD EYE CIRCLE
40%
2020 Red Velvet - IRENE & SEULGI
40%
2024 SAY MY NAME
40%
2018 DreamNote
38%
2025 ifeye
38%
2018 NATURE
38%
1997 Baby V.O.X
36%
2024 BADVILLAIN
36%
2012 FIESTAR
36%
2009 RAINBOW
36%
2020 SECRET NUMBER
36%
2024 MADEIN
33%
2023 QWER
33%
2017 ALICE
31%
2020 cignature
31%
2012 Crayon Pop
31%
2012 HELLOVENUS
31%
2018 LOOΠΔ yyxy
31%
2018 Pink Fantasy
31%
2023 YOUNG POSSE
31%
2019 BVNDIT
29%
1998 Fin.K.L
29%
2021 ICHILLIN'
29%
2022 ILY:1
29%
2023 MAVE:
29%
2021 PIXY
29%
2011 RANIA
29%
2015 SONAMOO
29%
2025 ablume
27%
2025 KIIRAS
27%
2011 Stellar
27%
2025 Baby DONT Cry
24%
2014 Berry Good
24%
2001 M.I.L.K.
24%
2012 SPICA
24%
2021 TRI.BE
24%
2013 BESTie
22%
2012 GLAM
22%
2001 Jewelry
22%
2016 BOL4
20%
2020 CRAXY
20%
2011 Dal★Shabet
20%
2023 tripleS EVOLution
20%
2016 C.I.V.A
18%
2008 DAVICHI
18%
1997 DIVA
18%
2019 FANATICS
18%
2018 Girls’ Generation-
Oh!GG
18%
2012 Girls' Generation-
TTS
18%
2025 HITGS
18%
2022 MAMAMOO+
18%
2005 The Grace
18%
2023 tripleS Aria
18%
2023 tripleS LOVElution
18%
2023 BBGIRLS
16%
2000 CHAKRA
16%
2023 EL7Z UP
16%
2024 ODD YOUTH
16%
2022 tripleS Acid Angel from Asia
16%
2025 USPEER
16%
2024 VVUP
16%
2012 15&
13%
2017 FAVORITE
13%
2014 MINX
13%
2024 tripleS ∞!
13%
2022 tripleS +(KR)ystal Eyes
13%
2024 tripleS Visionary Vision
13%
2016 Unnies
13%
2025 VVS
13%
2023 X:IN
13%
2024 tripleS Glow
11%
2021 WJSN THE BLACK
11%
1999 Cleo
9%
2017 GOOD DAY
9%
2016 I.B.I
9%
2020 REFUND SISTERS
9%
2012 TAHITI
9%
2020 WJSN CHOCOME
9%
2011 5DOLLS
7%
2022 Apink CHOBOM
7%
2007 Black Pearl
7%
2006 SEEYA
7%
2002 Sugar
7%
2015 THE ARK
7%
2023 tripleS Acid Eyes
7%
2005 GAVY NJ
4%
2007 Sunny Hill
4%
1999 T.T.MA
4%
2013 Wa$$up
4%
2022 WSG WANNABE
4%
2001 TO-YA
0%
No matching quizzes found
Score Distribution
Percent of People with Each Score
Percentile by Number Answered
Your Score History
You have not taken this quiz